Management hospitalier : de la logistique à la phlogistique (notice n° 1911554)
[ vue normale ]
| 000 -LEADER | |
|---|---|
| fixed length control field | 01111cam a2200169 4500500 |
| 005 - DATE AND TIME OF LATEST TRANSACTION | |
| control field | 20260329021314.0 |
| 041 ## - LANGUAGE CODE | |
| Language code of text/sound track or separate title | fre |
| 042 ## - AUTHENTICATION CODE | |
| Authentication code | dc |
| 100 10 - MAIN ENTRY--PERSONAL NAME | |
| Personal name | Struczyk, Stanislas |
| Relator term | author |
| 245 00 - TITLE STATEMENT | |
| Title | Management hospitalier : de la logistique à la phlogistique |
| 260 ## - PUBLICATION, DISTRIBUTION, ETC. | |
| Date of publication, distribution, etc. | 2008.<br/> |
| 500 ## - GENERAL NOTE | |
| General note | 44 |
| 520 ## - SUMMARY, ETC. | |
| Summary, etc. | La nouvelle gouvernance bouscule l’organisation actuelle de la psychiatrie en date depuis 1960 à savoir le secteur. Cette gouvernance amène de nouveaux outils : les territoires de santé, les pôles d’activité clinique, la contractualisation, l’évaluation des pratiques professionnelles. Mais cette nouvelle gouvernance ne sort pas du néant et elle n’est pas non plus amenée à faire table rase du passé. Quel lien dialectique avec le secteur, quel rapport de force amène ces mutations, quelle place du médical dans cette gouvernance, tel est le sens de ce travail ? |
| 700 10 - ADDED ENTRY--PERSONAL NAME | |
| Personal name | Bourgeois, Didier |
| Relator term | author |
| 786 0# - DATA SOURCE ENTRY | |
| Note | Psy Cause | 52 | 2 | 2008-01-04 | p. 6-11 | 1245-2394 |
| 856 41 - ELECTRONIC LOCATION AND ACCESS | |
| Uniform Resource Identifier | <a href="https://shs.cairn.info/revue-psy-cause-2008-2-page-6?lang=fr&redirect-ssocas=7080">https://shs.cairn.info/revue-psy-cause-2008-2-page-6?lang=fr&redirect-ssocas=7080</a> |
Pas d'exemplaire disponible.




Réseaux sociaux